000 00724nam a2200265Ia 4500
003 OSt
005 20221007110400.0
006 a|||||r|||| 00| 0
007 ta
008 221006b |||||||| |||| 00| 0 eng d
024 _a21,022
037 _cTextual
040 _aLCO
_cLCO
_beng
041 _2eng
_aeng
082 _aZ,e,N8, L5
100 _aEhrlich Thomas
245 0 _aGoing to Law School?
260 _aBoston
_bLittle, Brown and Company Canada
_c1975
300 _a246
500 _aReadings on a Legal Career
650 _aLAW SCHOOL
_9707413
700 _a Hazard Geoffrey C.
_9692690
942 _hZ,e,N8, L5
_cTEXL
999 _c1190585
_d1190585